| 000 | 004350000a22001810004500 | ||
|---|---|---|---|
| 003 | MACL | ||
| 005 | 20150802123326.0 | ||
| 008 | 150802b xxu||||| |||| 00| 0 eng d | ||
| 040 |
_aMACL _cMACL |
||
| 041 | _aEnglish | ||
| 082 | _a399/WAN | ||
| 100 |
_aWani, M.A. _94302 |
||
| 245 | _aMaintenance Rights Of Muslim Women | ||
| 260 |
_bGenuine Publications _c1987 _aDelhi |
||
| 350 | _a65 | ||
| 650 |
_aLaw _94303 |
||
| 942 |
_cBK _k399 _2ddc |
||
| 999 |
_c6380 _d6380 |
||